Os poderes do raio (Registo nº 1393)
[ vista simples ]
| 000 -Etiqueta do registo | |
|---|---|
| Cabeçalho | 00777cam a2200301 4500 |
| 005 - Identificador da versão | |
| Campo de controlo | 20240813121835.0 |
| 010 ## - Número internacional normalizado dos livros (ISBN) | |
| Número (ISBN) | 9722328190 |
| 021 ## - Número do Depósito Legal | |
| Código do país | PT |
| Número | 170878/01 |
| 035 ## - Other System Control Numbers | |
| System Control Number | (bn)1082864 |
| System Control Number | 1082864 |
| 100 ## - Dados gerais de processamento | |
| Dados gerais de processamento | 20020502d2001 da y0pory5003 ba |
| 102 ## - Pais de publicação ou produção | |
| País de publicação | Portugal |
| 101 0# - Língua de publicação | |
| Língua do texto, banda sonora, etc. | Português |
| 106 ## - Campo de dados codificados: material textual | |
| Dados codificados do material textual | r |
| 105 ## - Campo de dados codificados: livros | |
| Dados codificados dos livros | y z 000ay |
| 215 ## - Descrição física | |
| Indicação específica da natureza do documento e extensão da espécie | 153, [1] p. |
| Dimensões | 21 cm |
| 200 1# - Titulo e menção de responsabilidade | |
| Título próprio | Os poderes do raio |
| Primeira menção de responsabilidade | João Aguiar |
| 225 2# - Colecção | |
| Título próprio da colecção | Pedro & companhia |
| Indicação de volume | 1 |
| 205 ## - Menção da edição | |
| Menção da edição | 1a ed |
| 210 ## - Publicação, Distribuição, etc. | |
| Lugar da edição, distribuição, etc. | Lisboa |
| Nome do editor, distribuidor, etc. | Presença |
| Data da publicação, distribuição, etc. | 2001 |
| 675 ## - Classificação Decimal Universal (CDU) | |
| Notação | 087.5 |
| Edição | BN |
| Língua da edição | por |
| Notação | 821.134.3-93"19/20" |
| Edição | BN |
| Língua da edição | por |
| Notação | 821.134.3-311.3"19/20" |
| Edição | BN |
| Língua da edição | por |
| 700 #1 - Nome de autor-pessoa física (responsabilidade principal) | |
| Número de registo de entrada de autoridade | 0001974 |
| Palavra de ordem | Aguiar |
| Outra parte do nome não tomada para palavra de ordem | João |
| Datas | 1943- |
| 966 ## - Identificação da Biblioteca | |
| Sigla | NUMETECA |
| 942 ## - Elementos de entrada adicionados (Koha) | |
| Tipo de item no Koha | Livro |
| Situação do levantamento | Origin of item (home branch) (coded) | Biblioteca de empréstimo | Código de barras | Cota | Circulation type (not for loan) | Tipo de documento | Nota do exemplar | Damaged status |
|---|---|---|---|---|---|---|---|---|
| Biblioteca Escolar Eng. Nuno Mergulhão | Biblioteca Escolar Eng. Nuno Mergulhão | BENM921 | 8POR AGU | Livro | Sem mensagem |
